[Event "Online Olym Disabilities"]
[Site "Tornelo INT"]
[Date "2020.11.24"]
[Round "4.1"]
[White "Choroszej, Aleksander"]
[Black "Jennitha, Anto K"]
[Result "0-1"]
[WhiteElo "2042"]
[BlackElo "2001"]
[PlyCount "66"]
[EventDate "2020.11.21"]
[EventType "team-swiss (rapid)"]
[EventRounds "7"]
[EventCountry "NET"]
[SourceTitle "CBM 199 Extra"]
[Source "ChessBase"]
[SourceDate "2021.01.31"]
[SourceVersion "1"]
[SourceVersionDate "2021.01.31"]
[SourceQuality "1"]
[WhiteTeam "Poland"]
[BlackTeam "India"]
[WhiteTeamCountry "POL"]
[BlackTeamCountry "IND"]

1. d4 d5 2. c4 c6 3. Nc3 Nf6 4. Nf3 e6 5. e3 Nbd7 6. Qc2 Bd6 7. Bd3 0-0 8. 0-0 Qe7 9. e4 dxe4 10. Nxe4 Nxe4 11. Bxe4 f5 12. Bd3 Nf6 13. Re1 Qc7 14. h3 h6 15. Ne5 Bxe5 16. dxe5 Nd7 17. f4 Nc5 18. Be2 Rd8 19. Be3 Nd7 20. c5 Nf8 21. Rad1 Rd5 22. Bf3 Rxd1 23. Rxd1 Bd7 24. Qd2 Re8 25. b4 a5 26. a3 axb4 27. axb4 Ra8 28. Be2 Qb8 29. Bd4 Ra3 30. Bb2 Ra8 31. Bc4 Qe8 32. Kh2 Qh5 33. Qf2 Qxd1 0-1

[Event "Online Olym Div2 B"]
[Site "Chess.com INT"]
[Date "2020.08.15"]
[Round "4.3"]
[White "Jennitha, Anto K"]
[Black "Hapala, Elisabeth"]
[Result "1-0"]
[WhiteElo "2001"]
[BlackElo "2160"]
[PlyCount "123"]
[EventDate "2020.08.14"]
[EventType "team-tourn (rapid)"]
[EventRounds "9"]
[EventCountry "USA"]
[SourceTitle "CBM 198"]
[Source "ChessBase"]
[SourceDate "2020.10.31"]
[SourceVersion "1"]
[SourceVersionDate "2020.10.31"]
[SourceQuality "1"]
[WhiteTeam "IPCA"]
[BlackTeam "Austria"]
[BlackTeamCountry "AUT"]

1. e4 c5 2. Nf3 e6 3. d4 cxd4 4. Nxd4 a6 5. Nc3 Qc7 6. g3 b5 7. a3 Bb7 8. Bg2 Nf6 9. 0-0 Nc6 10. Re1 Nxd4 11. Qxd4 Bc5 12. Qd1 0-0 13. Be3 Bxe3 14. Rxe3 Rfd8 15. Rd3 Rac8 16. Qe2 d6 17. Rad1 Rd7 18. R1d2 Rcd8 19. Qd1 h6 20. h3 Bc6 21. Kh2 h5 22. f4 h4 23. g4 d5 24. e5 Nh7 25. Qe1 g5 26. Rf2 gxf4 27. Rxf4 f6 28. Qxh4 Qxe5 29. Qg3 Ng5 30. Rf1 Qxg3+ 31. Kxg3 Kg7 32. h4 Nf7 33. Rd2 Ne5 34. Rdf2 Rf7 35. g5 fxg5 36. hxg5 Rxf2 37. Rxf2 d4 38. Ne4 Bd5 39. Nf6 Bxg2 40. Kxg2 Nc4 41. b3 Nxa3 42. Ne4 b4 43. Nc5 Re8 44. Nxa6 Nb5 45. Nxb4 e5 46. Re2 e4 47. Nd5 Kg6 48. Kg3 Kxg5 49. Re1 Nd6 50. c4 Nf5+ 51. Kg2 e3 52. Kf3 Nh4+ 53. Ke2 Nf5 54. Kd3 Kg4 55. Nf6+ Kf3 56. Nxe8 Kf2 57. Re2+ Kf3 58. Nf6 Ng3 59. Re1 Kf2 60. Ra1 e2 61. Ne4+ Nxe4 62. Kxe4 1-0

[Event "Online Olym Div2 B"]
[Site "Chess.com INT"]
[Date "2020.08.14"]
[Round "3.4"]
[White "Jennitha, Anto K"]
[Black "Taweesupmun, Chanida"]
[Result "1-0"]
[WhiteElo "2001"]
[BlackElo "1604"]
[PlyCount "51"]
[EventDate "2020.08.14"]
[EventType "team-tourn (rapid)"]
[EventRounds "9"]
[EventCountry "USA"]
[SourceTitle "CBM 198"]
[Source "ChessBase"]
[SourceDate "2020.10.31"]
[SourceVersion "1"]
[SourceVersionDate "2020.10.31"]
[SourceQuality "1"]
[WhiteTeam "IPCA"]
[BlackTeam "Thailand"]
[BlackTeamCountry "THA"]

1. e4 e5 2. Nf3 Nf6 3. Nxe5 d6 4. Nf3 Nxe4 5. Nc3 Nf6 6. d4 d5 7. Bd3 Bd6 8. 0-0 0-0 9. Re1 h6 10. h3 Be6 11. Nb5 c6 12. Nxd6 Qxd6 13. Ne5 Nbd7 14. f4 Nb6 15. f5 Bc8 16. Bf4 Qb4 17. Nf3 Ne4 18. g4 Re8 19. b3 Bd7 20. Bxe4 dxe4 21. Ne5 Rad8 22. Rxe4 f6 23. Nd3 Qc3 24. Bd2 Qxa1 25. Rxe8+ Rxe8 26. Qxa1 1-0

[Event "Online Olym Div3 B"]
[Site "Chess.com INT"]
[Date "2020.08.07"]
[Round "3.1"]
[White "Jennitha, Anto K"]
[Black "Arakhamia Grant, Ketevan"]
[Result "1/2-1/2"]
[WhiteElo "2001"]
[BlackElo "2380"]
[PlyCount "48"]
[EventDate "2020.08.07"]
[EventType "team-tourn (rapid)"]
[EventRounds "9"]
[EventCountry "USA"]
[SourceTitle "CBM 198"]
[Source "ChessBase"]
[SourceDate "2020.10.31"]
[SourceVersion "1"]
[SourceVersionDate "2020.10.31"]
[SourceQuality "1"]
[WhiteTeam "IPCA"]
[BlackTeam "Scotland"]
[BlackTeamCountry "SCO"]

1. e4 c5 2. Nf3 Nc6 3. d4 cxd4 4. Nxd4 e5 5. Nxc6 bxc6 6. Nc3 Nf6 7. Bd3 Be7 8. 0-0 0-0 9. h3 d5 10. Re1 d4 11. Ne2 c5 12. Ng3 Be6 13. b3 g6 14. f4 exf4 15. Bxf4 Nd7 16. e5 Bh4 17. Rf1 Bxg3 18. Bxg3 Qg5 19. Bf4 Qh4 20. Qd2 Bd5 21. Bg5 Qg3 22. Bf4 Qh4 23. Bg5 Qg3 24. Bf4 Qh4 1/2-1/2

[Event "FIDE Disabled Cup"]
[Site "Ankara"]
[Date "2019.12.12"]
[Round "4.2"]
[White "Yarmonov, Igor"]
[Black "Jennitha, Anto K"]
[Result "1/2-1/2"]
[WhiteElo "2388"]
[BlackElo "1972"]
[PlyCount "114"]
[EventDate "2019.12.09"]
[EventType "team-tourn"]
[EventRounds "5"]
[EventCountry "TUR"]
[SourceTitle "CBM 193 Extra"]
[Source "ChessBase"]
[SourceDate "2020.01.31"]
[SourceVersion "1"]
[SourceVersionDate "2020.01.31"]
[SourceQuality "1"]
[WhiteTeam "Europe"]
[BlackTeam "Asia"]

1. d4 d5 2. c4 c6 3. Nf3 Nf6 4. e3 e6 5. Bd3 Nbd7 6. 0-0 Bd6 7. Nbd2 0-0 8. e4 dxe4 9. Nxe4 Nxe4 10. Bxe4 Nf6 11. Bc2 c5 12. Be3 Qc7 13. dxc5 Bxc5 14. Bxc5 Qxc5 15. Qd4 Qxd4 16. Nxd4 Bd7 17. Rfd1 Rac8 18. Rac1 Rfd8 19. b3 Kf8 20. f3 e5 21. Nf5 Bxf5 22. Bxf5 Rxd1+ 23. Rxd1 Re8 24. g4 h6 25. h4 g6 26. Bc2 Ke7 27. b4 b6 28. Bb3 g5 29. hxg5 hxg5 30. Kf2 Rd8 31. Rc1 Rc8 32. Ke3 Nd5+ 33. Ke4 Nxb4 34. Rh1 Rc5 35. Rh5 Kf6 36. Rh6+ Ke7 37. Rh5 Kf6 38. Rh6+ Kg7 39. Rd6 Nc6 40. Rd5 Nd4 41. Rxc5 bxc5 42. Kxe5 Nxf3+ 43. Kd5 f5 44. gxf5 g4 45. Bd1 Kf6 46. Kxc5 Kxf5 47. Kd5 Kf4 48. Be2 Ke3 49. Bf1 Kf2 50. c5 Kxf1 51. c6 g3 52. c7 g2 53. c8Q g1Q 54. Qc1+ Kg2 55. Qxg1+ Kxg1 56. Kc6 Nd4+ 57. Kb7 a5 1/2-1/2

[Event "IPCA Wch 19th"]
[Site "Ruzomberok"]
[Date "2019.07.03"]
[Round "6"]
[White "Jennitha, Anto K"]
[Black "Glazar, Domagoj"]
[Result "0-1"]
[WhiteElo "1972"]
[BlackElo "2153"]
[PlyCount "112"]
[EventDate "2019.06.28"]
[EventType "swiss"]
[EventRounds "9"]
[EventCountry "SVK"]
[SourceTitle "CBM 191 Extra"]
[Source "ChessBase"]
[SourceDate "2019.09.30"]
[SourceVersion "1"]
[SourceVersionDate "2019.09.30"]
[SourceQuality "1"]

1. e4 e5 2. Nf3 Nc6 3. Bb5 a6 4. Ba4 Nf6 5. Qe2 b5 6. Bb3 Be7 7. c3 0-0 8. 0-0 d6 9. d3 Na5 10. Bc2 c5 11. b3 Nc6 12. Rd1 Qc7 13. h3 b4 14. d4 cxd4 15. cxd4 Nxd4 16. Nxd4 exd4 17. Bb2 Nd7 18. Bxd4 Bf6 19. Bxf6 Nxf6 20. Bd3 Re8 21. Nd2 Bb7 22. Re1 Nd5 23. Qf3 Nc3 24. Qg3 Re7 25. f3 Rae8 26. Nc4 Qc5+ 27. Qf2 f6 28. a4 Rd8 29. Ne3 d5 30. exd5 Nxd5 31. Bc4 Kf8 32. Nf5 Rxe1+ 33. Rxe1 Qxf2+ 34. Kxf2 g6 35. Nd4 Rc8 36. Ne6+ Kf7 37. Nd4 h5 38. Nc2 a5 39. Ne3 Rc5 40. g4 hxg4 41. hxg4 Kg7 42. Rd1 Nb6 43. Be6 Kf8 44. Nc4 Nxc4 45. Bxc4 Ke7 46. f4 Bc8 47. Kf3 Bd7 48. Re1+ Kd6 49. Kg3 g5 50. Rd1+ Kc7 51. Rd4 Bc8 52. fxg5 Rxg5 53. Rf4 f5 54. Be2 fxg4 55. Bxg4 Kd6 56. Kh4 Rxg4+ 0-1

[Event "IPCA Wch 17th"]
[Site "Ruzomberok"]
[Date "2017.06.04"]
[Round "8"]
[White "Jennitha, Anto K"]
[Black "Obodchuk, Andrei"]
[Result "1-0"]
[WhiteElo "1949"]
[BlackElo "2374"]
[PlyCount "161"]
[EventDate "2017.05.28"]
[EventType "swiss"]
[EventRounds "9"]
[EventCountry "SVK"]
[SourceTitle "EXT 2018"]
[Source "ChessBase"]
[SourceDate "2017.10.13"]
[SourceVersion "1"]
[SourceVersionDate "2017.10.13"]
[SourceQuality "1"]

1. e4 c5 2. b3 b6 3. Bb2 Bb7 4. d3 e6 5. Nf3 Nf6 6. g3 d5 7. exd5 Bxd5 8. Nc3 Bb7 9. Bg2 Be7 10. Qe2 0-0 11. 0-0-0 Nc6 12. Ne4 Rc8 13. Kb1 Rc7 14. h4 Nd4 15. Nxd4 cxd4 16. Nxf6+ Bxf6 17. Bxb7 Rxb7 18. Qe4 Rc7 19. g4 g6 20. g5 Bg7 21. f4 Qd6 22. h5 Rfc8 23. hxg6 fxg6 24. Rd2 Rf8 25. Re2 Rxf4 26. Qxe6+ Qxe6 27. Rxe6 Rcf7 28. Rhe1 Rf1 29. Re8+ Rf8 30. Rxf8+ Rxf8 31. a4 Rf5 32. Re8+ Bf8 33. Bc1 Rf1 34. Kb2 Kf7 35. Re4 Rf5 36. Bd2 a5 37. Bf4 Rd5 38. Bc7 Bc5 39. Be5 Bd6 40. Bxd4 Rxd4 41. Rxd4 Be5 42. Kc3 Ke6 43. Kc4 Bxd4 44. Kxd4 Kf5 45. c4 Kxg5 46. Ke5 h5 47. d4 h4 48. d5 h3 49. d6 h2 50. d7 h1Q 51. d8Q+ Kg4 52. Qxb6 Qe1+ 53. Kd5 Kf5 54. c5 Qe5+ 55. Kc6 g5 56. Kb7 Qe7+ 57. Ka6 g4 58. c6 Qe8 59. c7 Qa8+ 60. Kb5 Qe8+ 61. Qc6 Qc8 62. Kxa5 Kf4 63. b4 g3 64. Qd6+ Kf3 65. Qd8 Qf5+ 66. b5 g2 67. c8Q Qxc8 68. Qxc8 g1Q 69. Qc3+ Kf4 70. b6 Qg2 71. Qb4+ Kg3 72. b7 Qd5+ 73. Ka6 Qc6+ 74. Ka7 Qc7 75. Qb6 Qe7 76. Ka8 Qe4 77. a5 Kg2 78. Ka7 Qe7 79. Qc6+ Kh2 80. Ka8 Qd8+ 81. b8Q+ 1-0

[Event "IPCA Wch 17th"]
[Site "Ruzomberok"]
[Date "2017.05.30"]
[Round "3"]
[White "Jennitha, Anto K"]
[Black "Petrov, Maksim"]
[Result "1-0"]
[WhiteElo "1949"]
[BlackElo "1654"]
[PlyCount "57"]
[EventDate "2017.05.28"]
[EventType "swiss"]
[EventRounds "9"]
[EventCountry "SVK"]
[SourceTitle "EXT 2018"]
[Source "ChessBase"]
[SourceDate "2017.10.13"]
[SourceVersion "1"]
[SourceVersionDate "2017.10.13"]
[SourceQuality "1"]

1. e4 e5 2. Nf3 Nc6 3. Bb5 f5 4. Nc3 fxe4 5. Nxe4 Nf6 6. Qe2 d5 7. Nxf6+ gxf6 8. d4 Bg7 9. 0-0 0-0 10. Bxc6 bxc6 11. dxe5 Re8 12. e6 Rxe6 13. Qd3 c5 14. Rd1 c6 15. Bf4 Qb6 16. Nh4 Re4 17. Qg3 Qxb2 18. f3 Re7 19. Bd6 Rb7 20. Bxc5 Qxc2 21. Rac1 Qa4 22. Re1 Kf7 23. Qd6 Bh3 24. gxh3 Bf8 25. Qe6+ Kg7 26. Nf5+ Kg6 27. Ng3 Bxc5+ 28. Rxc5 Qd4+ 29. Qe3 1-0

[Event "Olympiad Women-42"]
[Site "Baku"]
[Date "2016.09.12"]
[Round "10.1"]
[White "Vilhete, Vania Fausto da T"]
[Black "Jennitha, Anto K"]
[Result "0-1"]
[WhiteElo "1741"]
[BlackElo "1953"]
[PlyCount "84"]
[EventDate "2016.09.02"]
[EventType "team-swiss"]
[EventRounds "11"]
[EventCountry "AZE"]
[SourceTitle "CBM 174 Extra"]
[Source "ChessBase"]
[SourceDate "2016.10.10"]
[SourceVersion "1"]
[SourceVersionDate "2016.10.10"]
[SourceQuality "1"]
[WhiteTeam "Mozambique (W)"]
[BlackTeam "IPCA (W)"]
[WhiteTeamCountry "MOZ"]

1. d4 Nf6 2. c4 e6 3. Nc3 Bb4 4. Bf4 0-0 5. e3 d5 6. Nf3 Nbd7 7. Bd3 dxc4 8. Bxc4 Nb6 9. Bd3 Nbd5 10. Qc2 Nxf4 11. exf4 Qd6 12. Qd2 b6 13. 0-0 Bb7 14. Ne5 Rad8 15. Rfd1 h6 16. Rac1 Nd5 17. f5 exf5 18. Bxf5 Ne7 19. Bb1 Bxc3 20. bxc3 f6 21. Ng4 f5 22. Ne5 Ng6 23. f4 c5 24. Qf2 Nxe5 25. fxe5 Qd5 26. c4 Qe6 27. dxc5 Rxd1+ 28. Rxd1 Qxe5 29. cxb6 axb6 30. Qxb6 Qe2 31. Qxb7 Qxd1+ 32. Kf2 Qd4+ 33. Kf3 Qg4+ 34. Kf2 Qxc4 35. Qb2 Qh4+ 36. Kf3 Qxh2 37. Qb3+ Kh8 38. a4 Qh5+ 39. Kf2 Qh4+ 40. Kg1 Re8 41. g3 Qd4+ 42. Kf1 Qd2 0-1

[Event "Olympiad Women-42"]
[Site "Baku"]
[Date "2016.09.10"]
[Round "8.1"]
[White "Franciskovic, Borka"]
[Black "Jennitha, Anto K"]
[Result "1/2-1/2"]
[WhiteElo "2267"]
[BlackElo "1953"]
[PlyCount "131"]
[EventDate "2016.09.02"]
[EventType "team-swiss"]
[EventRounds "11"]
[EventCountry "AZE"]
[SourceTitle "CBM 174 Extra"]
[Source "ChessBase"]
[SourceDate "2016.10.10"]
[SourceVersion "1"]
[SourceVersionDate "2016.10.10"]
[SourceQuality "1"]
[WhiteTeam "Croatia (W)"]
[BlackTeam "IPCA (W)"]
[WhiteTeamCountry "CRO"]

1. Nf3 Nf6 2. g3 d5 3. Bg2 c6 4. 0-0 Bg4 5. d3 Nbd7 6. c4 e6 7. cxd5 exd5 8. Nc3 Bd6 9. h3 Bh5 10. Nd4 0-0 11. Nf5 Bc7 12. Qc2 Bg6 13. Nh4 Nh5 14. Nxg6 hxg6 15. e4 dxe4 16. dxe4 Nb6 17. b3 Qe7 18. Bb2 Rfd8 19. Rad1 Rxd1 20. Rxd1 Rd8 21. Rxd8+ Qxd8 22. Ne2 Nf6 23. e5 Nfd5 24. e6 f5 25. Nc3 Nf6 26. Qe2 Qe7 27. Bf3 Bd6 28. Nb1 Ne8 29. Nd2 Nc7 30. Nc4 Nxc4 31. Qxc4 Nxe6 32. Bc3 Kh7 33. h4 Nc7 34. Qd3 Nd5 35. Bd2 Nf6 36. Bg5 Qe1+ 37. Qf1 Qxf1+ 38. Kxf1 Nd7 39. Be2 Kg8 40. Bd3 Ne5 41. Bc2 Kf8 42. Ke2 Kf7 43. h5 gxh5 44. Bxf5 g6 45. Be4 Nd7 46. Be3 a6 47. a4 Kf6 48. f4 Bc5 49. Bd2 Bd4 50. Bc2 Nc5 51. Be1 b5 52. axb5 axb5 53. b4 Ne6 54. Be4 c5 55. bxc5 Bxc5 56. Bc3+ Bd4 57. Bb4 g5 58. fxg5+ Kxg5 59. Bd5 Kf6 60. Bf3 Be5 61. Bxh5 Bxg3 62. Be8 Nc7 63. Bc6 Ke6 64. Ba5 Kd6 65. Bxc7+ Kxc7 66. Bxb5 1/2-1/2

[Event "IPCA World 16th"]
[Site "Novi Sad"]
[Date "2016.07.22"]
[Round "1.13"]
[White "Sanjeev, G Hammannavar"]
[Black "Jennitha, Anto K"]
[Result "0-1"]
[WhiteElo "1089"]
[BlackElo "1943"]
[PlyCount "44"]
[EventDate "2016.07.22"]
[EventType "swiss"]
[EventRounds "9"]
[EventCountry "SRB"]
[SourceTitle "EXT 2024"]
[Source "ChessBase"]
[SourceDate "2023.10.10"]
[SourceVersion "1"]
[SourceVersionDate "2023.10.10"]
[SourceQuality "1"]

1. e4 c5 2. Nf3 d6 3. d3 Nc6 4. Nc3 Nf6 5. Be2 e6 6. 0-0 Be7 7. Bf4 0-0 8. a3 a6 9. Re1 e5 10. Bg5 Be6 11. Bf1 h6 12. Be3 Nd4 13. Bxd4 cxd4 14. Nb1 Rc8 15. Nbd2 Qb6 16. b3 Qc5 17. Nc4 b5 18. b4 Qc7 19. Ncd2 Qxc2 20. Qxc2 Rxc2 21. h3 Rfc8 22. Rad1 Nd7 0-1

[Event "IND-ch Challengers (Women) 43rd"]
[Site "Chennai"]
[Date "2016.06.23"]
[Round "9"]
[White "Jennitha, Anto K"]
[Black "Sahajasri, Cholleti"]
[Result "0-1"]
[WhiteElo "1943"]
[BlackElo "1969"]
[PlyCount "114"]
[EventDate "2016.06.17"]
[EventType "swiss"]
[EventRounds "11"]
[EventCountry "IND"]
[SourceTitle "CBM 173 Extra"]
[Source "ChessBase"]
[SourceDate "2016.08.29"]
[SourceVersion "1"]
[SourceVersionDate "2016.08.29"]
[SourceQuality "1"]

1. e4 c5 2. Nf3 d6 3. d4 cxd4 4. Nxd4 Nf6 5. Nc3 a6 6. Be2 e5 7. Nb3 Be7 8. 0-0 0-0 9. Be3 Be6 10. Kh1 Nc6 11. a4 Rc8 12. f4 exf4 13. Bxf4 Ne5 14. Nd4 Re8 15. Nxe6 fxe6 16. Bxe5 dxe5 17. Qxd8 Rexd8 18. Bd3 Ng4 19. Rf3 Bc5 20. Raf1 Bd4 21. Nd1 Nf6 22. b3 Rd6 23. Ne3 Bxe3 24. Rxe3 Rc3 25. Ref3 h5 26. g3 Rd4 27. Kg2 Rc5 28. c4 Rc8 29. Re1 Rcd8 30. Bb1 Rd2+ 31. Rf2 Rxf2+ 32. Kxf2 Rd2+ 33. Re2 Ng4+ 34. Ke1 Rxe2+ 35. Kxe2 Nxh2 36. b4 Kf7 37. c5 Ke7 38. b5 axb5 39. axb5 Kd7 40. Ba2 Ng4 41. Kf3 Nf6 42. c6+ bxc6 43. bxc6+ Kxc6 44. Bxe6 Kc5 45. Ke3 g5 46. Kd3 g4 47. Ke3 Kd6 48. Bf7 Ke7 49. Bg6 Kf8 50. Bf5 Kg7 51. Kf2 Kh6 52. Ke3 Kg5 53. Kf2 h4 54. gxh4+ Kxh4 55. Kg2 Kg5 56. Kg3 Nh5+ 57. Kf2 Kf4 0-1

[Event "IND-ch Challengers (Women) 43rd"]
[Site "Chennai"]
[Date "2016.06.20"]
[Round "6"]
[White "Mohota, Nisha"]
[Black "Jennitha, Anto K"]
[Result "1/2-1/2"]
[WhiteElo "2279"]
[BlackElo "1943"]
[PlyCount "137"]
[EventDate "2016.06.17"]
[EventType "swiss"]
[EventRounds "11"]
[EventCountry "IND"]
[SourceTitle "CBM 173 Extra"]
[Source "ChessBase"]
[SourceDate "2016.08.29"]
[SourceVersion "1"]
[SourceVersionDate "2016.08.29"]
[SourceQuality "1"]

1. d4 Nf6 2. c4 e6 3. Nc3 Bb4 4. Qc2 0-0 5. Nf3 d5 6. cxd5 exd5 7. Bf4 c6 8. e3 Nbd7 9. Bd3 Re8 10. 0-0 Nf8 11. a3 Bd6 12. Bxd6 Qxd6 13. Ne5 Ng4 14. Nxg4 Bxg4 15. Ne2 Rad8 16. Ng3 g6 17. Rfc1 Bc8 18. b4 a6 19. Qd2 Ne6 20. a4 b5 21. Rc2 Bb7 22. Ne2 Rd7 23. Nc1 f5 24. Nb3 Rf7 25. axb5 axb5 26. Ra7 Ra8 27. Rxa8+ Bxa8 28. f4 Ra7 29. Na5 Nd8 30. h3 Qe7 31. g3 Kg7 32. Kf2 Qd6 33. g4 fxg4 34. hxg4 h6 35. Kf3 Re7 36. Rc1 Bb7 37. Nxb7 Rxb7 38. Ra1 Qe7 39. Rh1 Nf7 40. Qc2 Qf6 41. Rc1 Nd8 42. Ra1 Re7 43. Qf2 Qd6 44. Qe1 Ne6 45. Qd2 Nd8 46. Ra6 Rb7 47. Qc3 Qf6 48. Qe1 Qe7 49. Kg3 Ra7 50. Rxa7 Qxa7 51. Kf3 Qe7 52. Kg3 Nf7 53. e4 dxe4 54. Qxe4 Qd6 55. Kf3 g5 56. f5 Qxb4 57. Ke2 Qd6 58. Kf3 Kf6 59. Bc2 Qd5 60. Qxd5 cxd5 61. Bb3 h5 62. gxh5 Kxf5 63. Bxd5 Nd6 64. Kg3 b4 65. Bb3 Ne4+ 66. Kg2 Kf6 67. Bc2 Nd6 68. h6 b3 69. Bxb3 1/2-1/2

[Event "IPCA Wch 15th"]
[Site "Bratislava"]
[Date "2015.06.23"]
[Round "6"]
[White "Jennitha, Anto K"]
[Black "Valenta, Vit"]
[Result "1/2-1/2"]
[WhiteElo "1963"]
[BlackElo "2164"]
[PlyCount "119"]
[EventDate "2015.06.19"]
[EventType "swiss"]
[EventRounds "9"]
[EventCountry "SVK"]
[SourceTitle "CBM 167 Extra"]
[Source "ChessBase"]
[SourceDate "2015.09.14"]
[SourceVersion "1"]
[SourceVersionDate "2015.09.14"]
[SourceQuality "1"]

1. e4 c5 2. Nf3 e6 3. d4 cxd4 4. Nxd4 Nf6 5. Nc3 Bb4 6. Bd3 Nc6 7. Nxc6 dxc6 8. 0-0 e5 9. Qe2 0-0 10. Bg5 Be7 11. h3 Nd7 12. Bxe7 Qxe7 13. Nd1 Nc5 14. Ne3 Qg5 15. Kh2 g6 16. c3 Nxe4 17. Nc4 Nc5 18. Qxe5 Qxe5+ 19. Nxe5 Re8 20. Rfe1 Be6 21. Bc2 Rad8 22. Nf3 Bd5 23. Nd4 Kf8 24. a3 Bc4 25. Rad1 Rxe1 26. Rxe1 Ne6 27. Nxe6+ Bxe6 28. Rd1 Rc8 29. Kg3 c5 30. Be4 Rc7 31. Kf4 h6 32. h4 Ke7 33. g3 b5 34. Ke3 Rc8 35. Rd2 a5 36. Rc2 f5 37. Bf3 Kf6 38. Bb7 Re8 39. Kf3 Rb8 40. Bc6 Rb6 41. Ba8 Rd6 42. Ke3 Ra6 43. Bb7 Rb6 44. Ba8 Bc4 45. Rd2 g5 46. hxg5+ hxg5 47. f4 b4 48. cxb4 axb4 49. axb4 Rxb4 50. fxg5+ Kxg5 51. Kf2 Rb8 52. Bf3 Be6 53. Be2 Rh8 54. Kg2 Rb8 55. Kf2 Rb3 56. Rd6 Bf7 57. Rd7 Be8 58. Rc7 Rxb2 59. Rxc5 Bh5 60. Re5 1/2-1/2

[Event "IPCA Wch 15th"]
[Site "Bratislava"]
[Date "2015.06.19"]
[Round "1"]
[White "Obodchuk, Andrei"]
[Black "Jennitha, Anto K"]
[Result "1-0"]
[WhiteElo "2375"]
[BlackElo "1963"]
[PlyCount "53"]
[EventDate "2015.06.19"]
[EventType "swiss"]
[EventRounds "9"]
[EventCountry "SVK"]
[SourceTitle "CBM 167 Extra"]
[Source "ChessBase"]
[SourceDate "2015.09.14"]
[SourceVersion "1"]
[SourceVersionDate "2015.09.14"]
[SourceQuality "1"]

1. e4 c5 2. Nf3 d6 3. d4 cxd4 4. Nxd4 Nf6 5. Nc3 a6 6. Qf3 e5 7. Nf5 Nc6 8. Bc4 Be6 9. Nd5 Bxf5 10. exf5 Nxd5 11. Qxd5 Qc7 12. c3 Na5 13. Bd3 Be7 14. 0-0 0-0 15. Bd2 Bf6 16. Rac1 Nc6 17. c4 b6 18. Be4 Nd4 19. Rfe1 Rad8 20. g4 h6 21. Kg2 a5 22. Rc3 Qc5 23. h4 Qxd5 24. Bxd5 Bxh4 25. Rh3 Bg5 26. Bxg5 hxg5 27. Reh1 1-0

[Event "IPCA Wch 14th"]
[Site "Apatin"]
[Date "2014.09.16"]
[Round "1"]
[White "Obodchuk, Andrei"]
[Black "Jennitha, Anto K"]
[Result "1-0"]
[WhiteElo "2370"]
[BlackElo "1953"]
[PlyCount "93"]
[EventDate "2014.09.16"]
[EventType "swiss"]
[EventRounds "9"]
[EventCountry "SRB"]
[SourceTitle "CBM 162 Extra"]
[Source "ChessBase"]
[SourceDate "2014.10.17"]
[SourceVersion "1"]
[SourceVersionDate "2014.10.17"]
[SourceQuality "1"]

1. Nf3 Nf6 2. c4 e6 3. g3 Nc6 4. Bg2 Be7 5. 0-0 0-0 6. d4 d5 7. b3 b6 8. Bb2 Bb7 9. Nbd2 Re8 10. Rc1 Bf8 11. Qc2 Nb4 12. Qb1 c5 13. a3 Nc6 14. dxc5 bxc5 15. e3 h6 16. Rfd1 Qe7 17. cxd5 exd5 18. Nh4 Rad8 19. Nf5 Qe6 20. Bh3 Ne4 21. Nxe4 Qxe4 22. Qxe4 dxe4 23. Bf1 Bc8 24. Bb5 Bxf5 25. Bxc6 Rxd1+ 26. Rxd1 Rc8 27. Bb5 Be7 28. Kf1 Rd8 29. Rxd8+ Bxd8 30. Bc4 Kf8 31. Be5 Bb6 32. Bd6+ Kg8 33. Bd5 Bh3+ 34. Ke2 Bg2 35. Kd1 g6 36. Kc2 Kg7 37. Kc3 Kf6 38. b4 cxb4+ 39. axb4 h5 40. Bc5 g5 41. Bxb6 axb6 42. Kd4 Kf5 43. Bxf7 h4 44. Bh5 hxg3 45. hxg3 g4 46. Kd5 Bf1 47. Be8 1-0

[Event "Olympiad Women-41"]
[Site "Tromsoe"]
[Date "2014.08.10"]
[Round "8.1"]
[White "Jennitha, Anto K"]
[Black "Steil Antoni, Fiona"]
[Result "0-1"]
[WhiteElo "1964"]
[BlackElo "2112"]
[PlyCount "82"]
[EventDate "2014.08.02"]
[EventType "team-swiss"]
[EventRounds "11"]
[EventCountry "NOR"]
[SourceTitle "CBM 162"]
[Source "ChessBase"]
[SourceDate "2014.09.17"]
[SourceVersion "1"]
[SourceVersionDate "2014.09.17"]
[SourceQuality "1"]
[WhiteTeam "IPCA (W)"]
[BlackTeam "Luxembourg (W)"]
[BlackTeamCountry "LUX"]

1. e4 e5 2. Nf3 Nc6 3. Bb5 a6 4. Ba4 d6 5. 0-0 Bd7 6. c3 Nge7 7. d4 Ng6 8. Re1 Be7 9. Nbd2 h6 10. Nf1 Bg5 11. Ne3 Bxe3 12. Bxe3 0-0 13. Bc2 Qe7 14. h3 Rad8 15. Qe2 Qf6 16. Rad1 Rfe8 17. d5 Nce7 18. Kh2 Nf8 19. g3 g5 20. Nd2 Nfg6 21. c4 Kg7 22. b4 Nf4 23. Bxf4 gxf4 24. Nf3 Ng6 25. Rd3 Rh8 26. Ng1 Rdg8 27. Rc3 h5 28. Qd2 Qg5 29. Nf3 Qh6 30. Rg1 Bg4 31. Qc1 Kf8 32. h4 Qg7 33. c5 Qf6 34. Bd1 Bxf3 35. Bxf3 Nxh4 36. Bg2 Nxg2 37. Rxg2 f3 38. Rg1 Rg4 39. Re1 h4 40. Kh3 hxg3+ 41. Kxg4 Rg8+ 0-1

[Event "Commonwealth-ch"]
[Site "Glasgow"]
[Date "2014.06.30"]
[Round "1"]
[White "Jennitha, Anto K"]
[Black "Wright, Carol"]
[Result "1-0"]
[WhiteElo "1946"]
[BlackElo "935"]
[PlyCount "45"]
[EventDate "2014.06.30"]
[EventType "swiss"]
[EventRounds "9"]
[EventCountry "SCO"]
[SourceTitle "CBM 161 Extra"]
[Source "ChessBase"]
[SourceDate "2014.08.29"]
[SourceVersion "1"]
[SourceVersionDate "2014.08.29"]
[SourceQuality "1"]

1. e4 e5 2. Nf3 Nc6 3. Bb5 Nf6 4. Qe2 d6 5. c3 Bd7 6. 0-0 Be7 7. d3 0-0 8. Re1 a6 9. Ba4 b5 10. Bb3 Rb8 11. Nbd2 Qc8 12. Nf1 h6 13. h3 Nh5 14. Nxe5 Nf4 15. Bxf4 Nxe5 16. Bg3 c5 17. d4 Ng6 18. dxc5 Qxc5 19. e5 Be6 20. exd6 Bxb3 21. dxe7 Nxe7 22. axb3 Nf5 23. Bxb8 1-0